书目信息 |
| 题名: |
爱上无人机 : 原理结构、航拍操控与DIY实例精汇
|
|
| 作者: | ;Make杂志编辑 编 | |
| 分册: | ||
| 出版信息: | 北京 人民邮电出版社 2017.07 |
|
| 页数: | 96页 | |
| 开本: | ||
| 丛书名: | ||
| 单 册: | ||
| 中图分类: | V279 | |
| 科图分类: | ||
| 主题词: | 航空器--类型 | |
| 电子资源: | ||
| ISBN: | 7-115-45832-4 | |
| 000 | 00652nam0 2200193 450 | |
| 001 | 1740905092 | |
| 005 | 20171208112251.73 | |
| 010 | @a7-115-45832-4@dCNY59.00 | |
| 100 | @a20171208d2017 km y0chiy0120 ea | |
| 101 | 0 | @achi |
| 102 | @aCN@b110000 | |
| 200 | 1 | @a爱上无人机 : 原理结构、航拍操控与DIY实例精汇@Aai shang wu ren ji:yuan li jie gou、hang pai cao kong yu DIY shi li jing hui@f(美) Make杂志编辑编@F(mei)Make za zhi bian ji bian |
| 210 | @a北京@c人民邮电出版社@d2017.07 | |
| 215 | @a96页 | |
| 606 | 0 | @a航空器@x类型 |
| 690 | @aV279@v4 | |
| 711 | 02 | @aMake杂志编辑@AMake za zhi bian ji@4编 |
| 801 | 0 | @aCN@bMUSE@c20171208 |
| 905 | @aMUSE@dV279@eZ001 | |
| 爱上无人机 : 原理结构、航拍操控与DIY实例精汇/(美) Make杂志编辑编.-北京:人民邮电出版社,2017.07 |
| 96页 |
| ISBN 7-115-45832-4:CNY59.00 |
| ● |
| 相关链接 |
|
|
|
正题名:爱上无人机 : 原理结构、航拍操控与DIY实例
索取号:V279/Z001
 
预约/预借
| 序号 | 登录号 | 条形码 | 馆藏地/架位号 | 状态 | 备注 |
| 1 | 1237091 | 212370913 | 电气与控制工程学院资料室/ [索取号:V279/Z001] | 在馆 |